| 000 | 00427nam a2200169Ia 4500 | ||
|---|---|---|---|
| 005 | 20250423101641.0 | ||
| 008 | 250422s9999 xx 000 0 und d | ||
| 020 | _a978-975-278-448-2 | ||
| 050 | _aBP 170. G85/ | ||
| 100 | _aGulen, M. Fethullah | ||
| 245 | 0 | _aVers une civilisation mondiale amour et tolerance | |
| 260 | _aNew Jersey | ||
| 260 | _bPar Editions du Nil | ||
| 260 | _c2011 | ||
| 300 | _a264 p | ||
| 942 | _cBK | ||
| 999 |
_c36872 _d36872 |
||